[Event "Almunecar FEDC op 23th"]
[Site "Almunecar"]
[Date "2019.10.04"]
[Round "7"]
[White "Dos Reis Cabrera, Jose Manuel"]
[Black "Galvan Dominguez, Santiago"]
[Result "1-0"]
[WhiteElo "1251"]
[BlackElo "1449"]
[PlyCount "55"]
[EventDate "2019.09.28"]
[EventType "swiss"]
[EventRounds "7"]
[EventCountry "ESP"]
[SourceTitle "EXT 2024"]
[Source "ChessBase"]
[SourceDate "2023.10.10"]
[SourceVersion "1"]
[SourceVersionDate "2023.10.10"]
[SourceQuality "1"]

1. d4 Nf6 2. Nf3 c5 3. c3 cxd4 4. Nxd4 Nc6 5. Bf4 Nxd4 6. cxd4 d5 7. e3 e6 8. Bd3 Bd6 9. Bg3 Bxg3 10. hxg3 Bd7 11. Nd2 Rc8 12. g4 Bc6 13. 0-0 Ne4 14. Nxe4 dxe4 15. Be2 Qb6 16. Rb1 Bb5 17. Re1 Bxe2 18. Rxe2 Qd6 19. Rc2 Ke7 20. Rbc1 Rc6 21. Rxc6 bxc6 22. Qc2 Rc8 23. Qxe4 g6 24. g5 Kd7 25. Qf3 Qe7 26. Rc5 Rc7 27. b4 Rb7 28. Qxc6+ 1-0

[Event "Almunecar FEDC op 23th"]
[Site "Almunecar"]
[Date "2019.10.03"]
[Round "6"]
[White "Castillo Perez, Ana Maria"]
[Black "Dos Reis Cabrera, Jose Manuel"]
[Result "0-1"]
[WhiteElo "1111"]
[BlackElo "1251"]
[PlyCount "146"]
[EventDate "2019.09.28"]
[EventType "swiss"]
[EventRounds "7"]
[EventCountry "ESP"]
[SourceTitle "EXT 2024"]
[Source "ChessBase"]
[SourceDate "2023.10.10"]
[SourceVersion "1"]
[SourceVersionDate "2023.10.10"]
[SourceQuality "1"]

1. e4 d6 2. d4 Nf6 3. Bd3 e5 4. Nf3 Nbd7 5. h3 Be7 6. 0-0 c6 7. Nbd2 0-0 8. b3 b6 9. Bb2 exd4 10. Nxd4 Ne5 11. Nf5 Bxf5 12. exf5 Nxd3 13. cxd3 d5 14. Rc1 c5 15. Qe2 Re8 16. Rfe1 Bd6 17. Qf3 h6 18. Re2 Rxe2 19. Qxe2 Qd7 20. Qf3 Nh7 21. Nf1 Ng5 22. Qg4 Re8 23. h4 Be5 24. Bxe5 Rxe5 25. hxg5 hxg5 26. Qxg5 Rxf5 27. Qg4 Qe6 28. Ng3 Rf6 29. Qg5 d4 30. Nh5 Rg6 31. Qd8+ Kh7 32. Nf4 Qf6 33. Qc7 Rh6 34. g3 Qc6 35. Qxc6 Rxc6 36. Re1 Rc7 37. Nd5 Rd7 38. Nf4 Rc7 39. Re4 Kg8 40. Re8+ Kh7 41. Nd5 Rd7 42. Re5 Kg8 43. Ne7+ Kf8 44. Nf5 g6 45. Nh6 Re7 46. Rg5 Kg7 47. Nf5+ Kf6 48. f4 gxf5 49. Kf2 Re3 50. g4 fxg4 51. Rxg4 Rxd3 52. Rh4 Re3 53. Rh6+ Kg7 54. Rh4 Re7 55. Rg4+ Kf6 56. Rh4 Kf5 57. Kf3 Re3+ 58. Kf2 b5 59. Kg2 d3 60. Rh5+ Kxf4 61. Rxc5 Re2+ 62. Kh3 d2 63. Rd5 Kf3 64. Rd7 Ke3 65. Kg4 Rg2+ 66. Kf5 Ke2 67. Kf6 d1Q 68. Re7+ Kf1 69. Kxf7 Rf2+ 70. Ke8 Re2 71. Kf7 Qd5+ 72. Ke8 Rxe7+ 73. Kf8 Qf7# 0-1

[Event "Almunecar FEDC op 23th"]
[Site "Almunecar"]
[Date "2019.09.30"]
[Round "3"]
[White "Rodriguez Gonzalez, Jaime"]
[Black "Dos Reis Cabrera, Jose Manuel"]
[Result "1-0"]
[WhiteElo "1444"]
[BlackElo "1251"]
[PlyCount "92"]
[EventDate "2019.09.28"]
[EventType "swiss"]
[EventRounds "7"]
[EventCountry "ESP"]
[SourceTitle "EXT 2024"]
[Source "ChessBase"]
[SourceDate "2023.10.10"]
[SourceVersion "1"]
[SourceVersionDate "2023.10.10"]
[SourceQuality "1"]

1. e4 d6 2. d4 Nf6 3. Nc3 e5 4. dxe5 dxe5 5. Qxd8+ Kxd8 6. Bg5 Be7 7. Bc4 Rf8 8. Rd1+ Nfd7 9. Bxe7+ Kxe7 10. Nd5+ Kd8 11. Nf3 f6 12. Ne3 g6 13. Nd2 c6 14. Nb3 Kc7 15. 0-0 Nb6 16. Be2 Be6 17. Nc5 Bf7 18. b3 N8d7 19. Nxd7 Nxd7 20. Rd2 Be6 21. Rfd1 Nc5 22. f3 f5 23. exf5 gxf5 24. Bc4 Rae8 25. Bxe6 Rxe6 26. b4 Na6 27. Rd7+ Kc8 28. a3 Nc7 29. Rxh7 c5 30. Rdd7 Rc6 31. c3 cxb4 32. cxb4 f4 33. Ng4 Rc1+ 34. Kf2 Rc2+ 35. Ke1 Re8 36. Nf6 Rf8 37. Ne4 Ne8 38. Rxb7 Rc7 39. Nd6+ Nxd6 40. Rbxc7+ Kb8 41. Rxa7 Rc8 42. Kd1 Rd8 43. Rhd7 Rxd7 44. Rxd7 Nc4 45. Ke2 Nxa3 46. h4 Nc4 1-0

[Event "Tenerife-ch Seniors"]
[Site "Santa Cruz"]
[Date "2019.02.01"]
[Round "1"]
[White "Dos Reis Cabrera, Jose Manuel"]
[Black "Cabrera Gomez, Tomas"]
[Result "0-1"]
[WhiteElo "1271"]
[BlackElo "1667"]
[PlyCount "85"]
[EventDate "2019.02.01"]
[EventType "swiss"]
[EventRounds "7"]
[EventCountry "ESP"]
[SourceTitle "EXT 2024"]
[Source "ChessBase"]
[SourceDate "2023.10.10"]
[SourceVersion "1"]
[SourceVersionDate "2023.10.10"]
[SourceQuality "1"]

1. e4 c5 2. c3 e6 3. d4 d5 4. e5 Nc6 5. Nf3 Qb6 6. b3 Nge7 7. Be2 Nf5 8. Be3 Nxe3 9. fxe3 Be7 10. Nbd2 Qa5 11. 0-0 Qxc3 12. e4 Qe3+ 13. Kh1 cxd4 14. Bb5 Bd7 15. Re1 Qc3 16. exd5 exd5 17. Bxc6 bxc6 18. Rc1 Qb4 19. Nf1 c5 20. Ng3 0-0 21. Ne2 Rac8 22. Nf4 Be6 23. Nd3 Qa3 24. Re2 Rfd8 25. Rec2 Qa6 26. Nxc5 Bxc5 27. Rxc5 Rxc5 28. Rxc5 Bg4 29. a4 Qg6 30. Qxd4 Bxf3 31. gxf3 Qb1+ 32. Kg2 Qxb3 33. Rc7 a6 34. e6 f6 35. Qa7 Qb2+ 36. Kg3 Qe5+ 37. Kg2 f5 38. f4 Qf6 39. Rf7 Qg6+ 40. Kf3 Re8 41. Qd7 Rxe6 42. Qd8+ Kxf7 43. Qd7+ 0-1

[Event "Tenerife-chT Segunda-B 1819"]
[Site "Tenerife"]
[Date "2019.01.12"]
[Round "4.1"]
[White "Dos Reis Cabrera, Jose Manuel"]
[Black "Lozano Marques, Manuel"]
[Result "0-1"]
[WhiteElo "1285"]
[BlackElo "1456"]
[PlyCount "88"]
[EventDate "2018.11.24"]
[EventType "team-tourn"]
[EventRounds "18"]
[EventCountry "ESP"]
[SourceTitle "CBM 189 Extra"]
[Source "ChessBase"]
[SourceDate "2019.05.31"]
[SourceVersion "1"]
[SourceVersionDate "2019.05.31"]
[SourceQuality "1"]
[WhiteTeam "Circulo de Amistad XII Enero III"]
[BlackTeam "Ebano Barrio Nuevo IV"]
[WhiteTeamCountry "ESP"]
[BlackTeamCountry "ESP"]

1. e4 c5 2. c3 d6 3. d4 Nf6 4. Bd3 Nbd7 5. Nf3 e5 6. Be3 b6 7. Nbd2 Bb7 8. Bg5 Be7 9. 0-0 0-0 10. d5 a6 11. Nc4 b5 12. Ne3 c4 13. Bc2 Nc5 14. Bxf6 Bxf6 15. Nf5 Re8 16. Re1 Qc7 17. h3 Nd7 18. Nh2 Nf8 19. h4 Ng6 20. h5 Ne7 21. Ng4 Bg5 22. Qf3 Nxf5 23. Qxf5 h6 24. Ne3 Bc8 25. Qf3 Qe7 26. Nf5 Qf6 27. Rad1 Kh8 28. b3 g6 29. hxg6 fxg6 30. Ng3 Qxf3 31. gxf3 Rf8 32. Kg2 Bd7 33. Rh1 Kg7 34. b4 Rf7 35. Rdg1 Raf8 36. Bd1 Bd2 37. Kf1 Bxc3 38. Nf5+ Bxf5 39. exf5 Rxf5 40. Bc2 R5f6 41. Rg3 Bxb4 42. Rhg1 g5 43. Rh3 Rxf3 44. Rxf3 Rxf3 0-1

[Event "Almunecar FEDC op 21th"]
[Site "Almunecar"]
[Date "2018.10.07"]
[Round "6"]
[White "Venegas Nuno, Francisco"]
[Black "Dos Reis Cabrera, Jose Manuel"]
[Result "1/2-1/2"]
[WhiteElo "1612"]
[BlackElo "1274"]
[PlyCount "77"]
[EventDate "2018.10.02"]
[EventType "swiss"]
[EventRounds "7"]
[EventCountry "ESP"]
[SourceTitle "EXT 2024"]
[Source "ChessBase"]
[SourceDate "2023.10.10"]
[SourceVersion "1"]
[SourceVersionDate "2023.10.10"]
[SourceQuality "1"]

1. d4 d5 2. Bf4 e6 3. e3 Nf6 4. Nf3 c5 5. c3 Bd6 6. Bg5 Nc6 7. Bd3 h6 8. Bh4 Be7 9. Nbd2 0-0 10. 0-0 b6 11. h3 Bb7 12. Bg3 Bd6 13. Bh2 Bxh2+ 14. Nxh2 Re8 15. f4 Rc8 16. Nhf3 Nd7 17. Ne5 Ncxe5 18. fxe5 f6 19. Bg6 Rf8 20. Qg4 Qe7 21. Nf3 cxd4 22. exf6 Nxf6 23. Qxd4 Nd7 24. Bc2 e5 25. Qg4 e4 26. Nd4 Ne5 27. Qe6+ Qxe6 28. Nxe6 Rxf1+ 29. Rxf1 Ba6 30. Nf4 Bxf1 31. Kxf1 Rf8 32. Ke2 Rd8 33. Bb3 Nc4 34. Nxd5 Nxb2 35. Nf6+ Kf8 36. Nxe4 Nd3 37. Kf3 Ne1+ 38. Kf2 Nd3+ 39. Kf3 1/2-1/2

[Event "Almunecar FEDC op 21th"]
[Site "Almunecar"]
[Date "2018.10.06"]
[Round "5"]
[White "Dos Reis Cabrera, Jose Manuel"]
[Black "Luna Perez Vico, Lorenzo"]
[Result "1-0"]
[WhiteElo "1274"]
[BlackElo "1455"]
[PlyCount "81"]
[EventDate "2018.10.02"]
[EventType "swiss"]
[EventRounds "7"]
[EventCountry "ESP"]
[SourceTitle "EXT 2024"]
[Source "ChessBase"]
[SourceDate "2023.10.10"]
[SourceVersion "1"]
[SourceVersionDate "2023.10.10"]
[SourceQuality "1"]

1. e4 c5 2. c3 e6 3. d4 cxd4 4. cxd4 d5 5. exd5 exd5 6. h3 a6 7. Nf3 Nc6 8. a3 Nf6 9. Bd3 Bd6 10. 0-0 0-0 11. Bg5 h6 12. Bh4 Be7 13. Nc3 Be6 14. Ne2 Nh5 15. Bxe7 Qxe7 16. Bc2 Qf6 17. Ng3 Nf4 18. Re1 Rfe8 19. Ne5 Nxe5 20. Rxe5 Bxh3 21. Nh5 Nxh5 22. Qxh5 Be6 23. Rae1 Kf8 24. Ba4 b5 25. Bb3 Qf4 26. Qd1 Rad8 27. R1e3 Qh4 28. Qd2 Rd6 29. Qb4 Qd8 30. Bc2 g6 31. Rc3 Qb6 32. Rf3 Kg7 33. Qd2 Rdd8 34. Qf4 Rf8 35. Qf6+ Kh7 36. Rh5 Bg4 37. Bxg6+ fxg6 38. Qe7+ Kg8 39. Rxf8+ Rxf8 40. Rxh6 Qf6 41. Qh7# 1-0

[Event "Almunecar FEDC op 21th"]
[Site "Almunecar"]
[Date "2018.10.04"]
[Round "3"]
[White "Dos Reis Cabrera, Jose Manuel"]
[Black "Escabias Perez, Miguel"]
[Result "0-1"]
[WhiteElo "1274"]
[BlackElo "1472"]
[PlyCount "56"]
[EventDate "2018.10.02"]
[EventType "swiss"]
[EventRounds "7"]
[EventCountry "ESP"]
[SourceTitle "EXT 2024"]
[Source "ChessBase"]
[SourceDate "2023.10.10"]
[SourceVersion "1"]
[SourceVersionDate "2023.10.10"]
[SourceQuality "1"]

1. e4 c5 2. c3 e6 3. Nf3 d5 4. exd5 exd5 5. d4 Nc6 6. Be3 cxd4 7. cxd4 Nf6 8. a3 Bd6 9. Be2 0-0 10. h3 Re8 11. 0-0 Bc7 12. Nbd2 Qd6 13. Bg5 Nxd4 14. Bd3 Ne4 15. Re1 Bd7 16. Nf1 Nxf3+ 17. Qxf3 Nxg5 18. Qh5 Ne4 19. f3 Nf6 20. Qh4 Bb6+ 21. Kh1 Qc5 22. Nh2 Qd4 23. Qxd4 Bxd4 24. Rab1 Nh5 25. Ng4 Bxg4 26. hxg4 Nf4 27. Bb5 Re6 28. Bd7 Rh6# 0-1

[Event "Almunecar FEDC op 21th"]
[Site "Almunecar"]
[Date "2018.10.02"]
[Round "1"]
[White "Dos Reis Cabrera, Jose Manuel"]
[Black "Garcia Cervigon, Juan Pablo"]
[Result "0-1"]
[WhiteElo "1274"]
[BlackElo "1691"]
[PlyCount "52"]
[EventDate "2018.10.02"]
[EventType "swiss"]
[EventRounds "7"]
[EventCountry "ESP"]
[SourceTitle "EXT 2024"]
[Source "ChessBase"]
[SourceDate "2023.10.10"]
[SourceVersion "1"]
[SourceVersionDate "2023.10.10"]
[SourceQuality "1"]

1. e4 c5 2. c3 Nf6 3. e5 Nd5 4. d4 e6 5. Nf3 Nc6 6. a3 a5 7. Bd3 Be7 8. 0-0 b6 9. Re1 Ba6 10. Be3 Nxe3 11. Rxe3 Bg5 12. Nxg5 Qxg5 13. Bxa6 Rxa6 14. Nd2 cxd4 15. Nf3 Qf4 16. Nxd4 Nxe5 17. Rg3 0-0 18. Nf3 d5 19. Ng5 Qf5 20. Qd2 Ra7 21. h4 Rc7 22. h5 Rc4 23. Nh3 Qxh5 24. Rg5 Qxh3 25. Rxe5 Rg4 26. g3 Rg6 0-1

[Event "Tenerife-chT3 1718"]
[Site "Tenerife"]
[Date "2018.03.10"]
[Round "12.1"]
[White "Dos Reis Cabrera, Jose Manuel"]
[Black "Ferrer Rodriguez, Daniel"]
[Result "1/2-1/2"]
[WhiteElo "1251"]
[BlackElo "1326"]
[PlyCount "49"]
[EventDate "2017.11.11"]
[EventType "team-tourn"]
[EventRounds "18"]
[EventCountry "ESP"]
[SourceTitle "EXT 2019"]
[Source "ChessBase"]
[SourceDate "2018.10.10"]
[SourceVersion "1"]
[SourceVersionDate "2018.10.10"]
[SourceQuality "1"]
[WhiteTeam "Circulo de Amistad XII Enero III"]
[BlackTeam "Ebano Casa Venezuela IV"]
[WhiteTeamCountry "ESP"]
[BlackTeamCountry "ESP"]

1. e4 e5 2. Nf3 Nc6 3. d4 exd4 4. Nxd4 Nf6 5. Nc3 d6 6. Be2 g6 7. Bb5 Bd7 8. Bg5 Bg7 9. Nxc6 Bxc6 10. Bxc6+ bxc6 11. 0-0 0-0 12. Re1 Re8 13. Qd2 Rb8 14. Rab1 Qd7 15. Qf4 Nh5 16. Qf3 Re5 17. Bd2 Rbe8 18. Qd3 Nf6 19. f3 d5 20. exd5 cxd5 21. Rxe5 Rxe5 22. Bf4 Rf5 23. Bg3 Nh5 24. Bf2 Nf4 25. Qd1 1/2-1/2

[Event "Tenerife-chT3 1718"]
[Site "Tenerife"]
[Date "2018.03.03"]
[Round "11.1"]
[White "Chirinos Rodriguez, Jonathan Edu"]
[Black "Dos Reis Cabrera, Jose Manuel"]
[Result "1-0"]
[WhiteElo "1536"]
[BlackElo "1251"]
[PlyCount "87"]
[EventDate "2017.11.11"]
[EventType "team-tourn"]
[EventRounds "18"]
[EventCountry "ESP"]
[SourceTitle "EXT 2019"]
[Source "ChessBase"]
[SourceDate "2018.10.10"]
[SourceVersion "1"]
[SourceVersionDate "2018.10.10"]
[SourceQuality "1"]
[WhiteTeam "El Sauzal Gofio Plus"]
[BlackTeam "Circulo de Amistad XII Enero III"]
[WhiteTeamCountry "ESP"]
[BlackTeamCountry "ESP"]

1. e4 e5 2. Nf3 d6 3. d4 exd4 4. Qxd4 Nc6 5. Bb5 Bd7 6. Qd3 Nf6 7. Nc3 Be7 8. 0-0 0-0 9. a3 Ne5 10. Nxe5 dxe5 11. Rd1 c6 12. Bc4 Qc7 13. Bg5 Rad8 14. Qe2 Rfe8 15. h3 h6 16. Bh4 Nh7 17. Bg3 Ng5 18. Qh5 Be6 19. Bxe6 Nxe6 20. Qxe5 Qb6 21. Na4 Qa6 22. Nc3 Bf6 23. Qh5 Bxc3 24. bxc3 Rxd1+ 25. Qxd1 Rd8 26. Qe1 Qc4 27. Qe3 b6 28. f3 Qa4 29. Qe2 c5 30. Bf2 Nf4 31. Qe3 Ne6 32. Qc1 Qc4 33. Qe3 Qb5 34. Be1 Rd7 35. a4 Qa6 36. Kf2 b5 37. Qe2 Nf4 38. Qxb5 Qxb5 39. axb5 Ne6 40. g3 Kf8 41. Ke2 Ke7 42. Rd1 Rb7 43. Rb1 c4 44. Bf2 1-0

[Event "Tenerife-chT3 1718"]
[Site "Tenerife"]
[Date "2018.01.13"]
[Round "6.1"]
[White "Dos Reis Cabrera, Jose Manuel"]
[Black "Diaz Reyes, Iker"]
[Result "1-0"]
[WhiteElo "1251"]
[BlackElo "1026"]
[PlyCount "59"]
[EventDate "2017.11.11"]
[EventType "team-tourn"]
[EventRounds "18"]
[EventCountry "ESP"]
[SourceTitle "EXT 2019"]
[Source "ChessBase"]
[SourceDate "2018.10.10"]
[SourceVersion "1"]
[SourceVersionDate "2018.10.10"]
[SourceQuality "1"]
[WhiteTeam "Circulo de Amistad XII Enero III"]
[BlackTeam "Santa Ursula Badnor"]
[WhiteTeamCountry "ESP"]
[BlackTeamCountry "ESP"]

1. e4 e5 2. Nf3 Nc6 3. d4 exd4 4. Nxd4 Bc5 5. Be3 Qf6 6. c3 Nge7 7. Be2 d5 8. Bf3 0-0 9. 0-0 Bd7 10. exd5 Nxd4 11. Bxd4 Bxd4 12. cxd4 Nf5 13. Nc3 Nxd4 14. Bg4 Bxg4 15. Qxg4 Nc2 16. Rad1 Nd4 17. Rxd4 c5 18. Rdd1 Qe5 19. Rfe1 Qd6 20. Ne4 Qb6 21. b3 f5 22. Qg3 fxe4 23. Rxe4 Rfe8 24. Re5 Rxe5 25. Qxe5 Qa5 26. Qe6+ Kh8 27. d6 Qxa2 28. Re1 Qd2 29. Qe8+ Rxe8 30. Rxe8# 1-0

[Event "Almunecar FEDC op 19th"]
[Site "Almunecar"]
[Date "2017.10.06"]
[Round "7.23"]
[White "Mena Lena, Antonio"]
[Black "Dos Reis Cabrera, Jose Manuel"]
[Result "0-1"]
[WhiteElo "1288"]
[BlackElo "1280"]
[PlyCount "62"]
[EventDate "2017.09.30"]
[EventType "swiss"]
[EventRounds "7"]
[EventCountry "ESP"]
[SourceTitle "EXT 2024"]
[Source "ChessBase"]
[SourceDate "2023.10.10"]
[SourceVersion "1"]
[SourceVersionDate "2023.10.10"]
[SourceQuality "1"]

1. e4 e5 2. Nf3 d6 3. Bc4 Be7 4. d4 exd4 5. Qxd4 Nf6 6. Nc3 Nc6 7. Qd3 0-0 8. 0-0 Ng4 9. h3 Nge5 10. Qe2 Be6 11. Bxe6 fxe6 12. Nxe5 Nxe5 13. Be3 Ng6 14. Rad1 Bf6 15. Qc4 Qe7 16. g3 Kh8 17. a4 Ne5 18. Qb3 b6 19. f4 Nd7 20. Nb5 Nc5 21. Qb4 a5 22. Qc4 d5 23. exd5 exd5 24. Bxc5 bxc5 25. Qd3 Rad8 26. Rfe1 Qd7 27. f5 c6 28. Nc3 Bd4+ 29. Kg2 Rxf5 30. g4 Rf2+ 31. Kh1 Qd6 0-1

[Event "Almunecar FEDC op 19th"]
[Site "Almunecar"]
[Date "2017.10.03"]
[Round "4.24"]
[White "Dos Reis Cabrera, Jose Manuel"]
[Black "Gonzalez Quijano, Leopoldo"]
[Result "0-1"]
[WhiteElo "1280"]
[BlackElo "1520"]
[PlyCount "144"]
[EventDate "2017.09.30"]
[EventType "swiss"]
[EventRounds "7"]
[EventCountry "ESP"]
[SourceTitle "EXT 2024"]
[Source "ChessBase"]
[SourceDate "2023.10.10"]
[SourceVersion "1"]
[SourceVersionDate "2023.10.10"]
[SourceQuality "1"]

1. e4 c5 2. Nf3 d6 3. d4 cxd4 4. Nxd4 Nf6 5. Nc3 a6 6. Be2 b5 7. a3 Bb7 8. Bf3 Nbd7 9. 0-0 Ne5 10. Be2 e6 11. Bf4 Nc4 12. Bc1 Nxe4 13. Nxe4 Bxe4 14. Bf3 Bxf3 15. Qxf3 Ne5 16. Qe4 Rc8 17. c3 Be7 18. Bf4 Bf6 19. Bxe5 Bxe5 20. Nc6 Qc7 21. Nxe5 dxe5 22. Rfe1 f6 23. Qg4 0-0 24. Qxe6+ Kh8 25. Qxa6 Qc4 26. Qb7 Rfd8 27. Qf3 Qb3 28. Qe2 Rd5 29. Rab1 Rcd8 30. Qf1 h6 31. Rec1 Rd2 32. h3 Rxb2 33. Rxb2 Qxb2 34. Rb1 Qxc3 35. Qxb5 Qxa3 36. Qb6 Qd6 37. Qb7 Kh7 38. Qe4+ Kg8 39. Qg6 Qc7 40. Qe4 Rd4 41. Qa8+ Kh7 42. Qa2 Qc4 43. Qb2 Rf4 44. Rc1 Qd4 45. Qb1+ e4 46. Rf1 Qd3 47. Qc1 Qd6 48. Qb1 f5 49. Rd1 Qc5 50. Re1 Rxf2 51. Kh1 Qc2 52. Qxc2 Rxc2 53. Rf1 Kg6 54. Rd1 Kg5 55. Kh2 Kh4 56. Re1 g5 57. Re3 h5 58. Kh1 f4 59. Rxe4 Kg3 60. Re1 Rxg2 61. Rd1 Kxh3 62. Rd3+ Rg3 63. Rd2 Kg4 64. Rf2 h4 65. Rd2 Re3 66. Rg2+ Kh3 67. Rh2+ Kg4 68. Rg2+ Kh3 69. Rh2+ Kg4 70. Rg2+ Kf5 71. Rd2 f3 72. Kg1 g4 0-1

[Event "Almunecar FEDC op 19th"]
[Site "Almunecar"]
[Date "2017.10.02"]
[Round "3.24"]
[White "Morales Torres, Ildefonso"]
[Black "Dos Reis Cabrera, Jose Manuel"]
[Result "0-1"]
[WhiteElo "1067"]
[BlackElo "1280"]
[PlyCount "64"]
[EventDate "2017.09.30"]
[EventType "swiss"]
[EventRounds "7"]
[EventCountry "ESP"]
[SourceTitle "EXT 2024"]
[Source "ChessBase"]
[SourceDate "2023.10.10"]
[SourceVersion "1"]
[SourceVersionDate "2023.10.10"]
[SourceQuality "1"]

1. e4 e5 2. Nf3 d6 3. Bc4 Be7 4. c3 Nf6 5. d4 exd4 6. cxd4 Bg4 7. h3 Bh5 8. Nc3 Nc6 9. Bf4 0-0 10. 0-0 Bxf3 11. Qxf3 Nxd4 12. Qd3 Ne6 13. Bh2 Nc5 14. Qe3 Ncd7 15. Nd5 Nxd5 16. Bxd5 c6 17. Bb3 Bf6 18. Qe2 Ne5 19. f4 Ng6 20. f5 Ne5 21. Rad1 Qb6+ 22. Kh1 Rad8 23. Bg3 Rfe8 24. Qh5 Rf8 25. Rf4 Qe3 26. Rdf1 Qxg3 27. Rh4 Bxh4 28. f6 Bxf6 29. Qf5 Ng6 30. Rf3 Qe1+ 31. Kh2 Be5+ 32. Rg3 Qxg3+ 0-1

[Event "Almunecar FEDC op 19th"]
[Site "Almunecar"]
[Date "2017.09.30"]
[Round "1.24"]
[White "Redondo Maguregui, Juan Manuel"]
[Black "Dos Reis Cabrera, Jose Manuel"]
[Result "1-0"]
[WhiteElo "1647"]
[BlackElo "1280"]
[PlyCount "79"]
[EventDate "2017.09.30"]
[EventType "swiss"]
[EventRounds "7"]
[EventCountry "ESP"]
[SourceTitle "EXT 2024"]
[Source "ChessBase"]
[SourceDate "2023.10.10"]
[SourceVersion "1"]
[SourceVersionDate "2023.10.10"]
[SourceQuality "1"]

1. c4 c5 2. Nf3 e6 3. d4 cxd4 4. Nxd4 Nc6 5. Nb5 d5 6. cxd5 exd5 7. Qxd5 Be7 8. Qxd8+ Bxd8 9. Bf4 a6 10. Nd6+ Ke7 11. Nc3 Nf6 12. e4 Be6 13. Nxb7 Bb6 14. Bd6+ Ke8 15. Nc5 Bxc5 16. Bxc5 Nd7 17. Be3 Ke7 18. f4 f6 19. a3 Rhb8 20. b4 Kf8 21. Be2 Nb6 22. 0-0 Nc4 23. Bc5+ Kg8 24. Bf3 Nd2 25. Rf2 Nxf3+ 26. Rxf3 Rd8 27. Re1 Bc4 28. e5 fxe5 29. fxe5 Re8 30. Bd6 Nd8 31. Ne4 Be6 32. Rf4 Nf7 33. Nc5 Nd8 34. Ref1 Bf7 35. e6 Nxe6 36. Rxf7 Nxc5 37. bxc5 h6 38. c6 Red8 39. Rf8+ Rxf8 40. Rxf8+ 1-0

[Event "Santa Cruz qual ONCE"]
[Site "Santa Cruz de Tenerife"]
[Date "2017.09.??"]
[Round "2.1"]
[White "Ramirez Carrasco, Antonio"]
[Black "Dos Reis Cabrera, Jose Manuel"]
[Result "1-0"]
[WhiteElo "1783"]
[BlackElo "1280"]
[PlyCount "47"]
[EventDate "2017.09.01"]
[EventType "tourn"]
[EventRounds "6"]
[EventCountry "ESP"]
[SourceTitle "EXT 2024"]
[Source "ChessBase"]
[SourceDate "2023.10.10"]
[SourceVersion "1"]
[SourceVersionDate "2023.10.10"]
[SourceQuality "1"]

1. e4 e5 2. Nf3 Nc6 3. Bb5 d6 4. 0-0 Nf6 5. Re1 Be7 6. c3 0-0 7. h3 a6 8. Ba4 Bd7 9. d4 Qc8 10. Nbd2 b5 11. Bc2 Nh5 12. Nxe5 g6 13. Nxc6 Bxc6 14. Nf3 Bf6 15. e5 dxe5 16. dxe5 Rd8 17. Nd4 Bg7 18. Qe2 Qb7 19. Nxc6 Qxc6 20. Be4 Qc5 21. Bxa8 Rxa8 22. g4 Ng3 23. Qf3 Qxe5 24. Qxa8+ 1-0

[Event "Benidorm op 18th"]
[Site "Benidorm"]
[Date "2017.06.12"]
[Round "2"]
[White "Dos Reis Cabrera, Jose Manuel"]
[Black "Martinez Lopez Cozar, Manuel"]
[Result "0-1"]
[WhiteElo "1233"]
[BlackElo "1548"]
[PlyCount "70"]
[EventDate "2017.06.11"]
[EventType "swiss"]
[EventRounds "7"]
[EventCountry "ESP"]
[SourceTitle "EXT 2018"]
[Source "ChessBase"]
[SourceDate "2017.10.13"]
[SourceVersion "1"]
[SourceVersionDate "2017.10.13"]
[SourceQuality "1"]

1. e4 e5 2. Nf3 Nc6 3. d4 exd4 4. Nxd4 Qf6 5. Be3 Bc5 6. c3 a6 7. Be2 Nge7 8. 0-0 0-0 9. Na3 Bxa3 10. bxa3 d6 11. Nxc6 Nxc6 12. Bd4 Qg6 13. Bf3 Ne5 14. Bxe5 dxe5 15. Re1 Qc6 16. Qd3 Be6 17. Red1 h6 18. Qe3 Rfd8 19. Rdc1 Rd6 20. h3 Rad8 21. Rc2 Rd3 22. Qc1 Bxh3 23. Kh2 Be6 24. Be2 R3d6 25. Bf3 Qd7 26. Rb2 b6 27. Rc2 Bg4 28. Bxg4 Qxg4 29. Qe3 Qh4+ 30. Qh3 Qxe4 31. Rcc1 Rd3 32. f3 Qf4+ 33. Kh1 e4 34. Qh2 Qxh2+ 35. Kxh2 exf3 0-1